KOHA-Header-6

Software Engineering (Record no. 2772)

000 -LEADER
fixed length control field 00296nam a2200121Ia 4500
008 - FIXED-LENGTH DATA ELEMENTS--GENERAL INFORMATION
fixed length control field 190902s9999||||xx |||||||||||||| ||und||
020 ## - INTERNATIONAL STANDARD BOOK NUMBER
International Standard Book Number 0-534-03053-X
100 ## - MAIN ENTRY--PERSONAL NAME
Personal name Mohapatra,Pratap K.J.
245 #0 - TITLE STATEMENT
Title Software Engineering
260 ## - PUBLICATION, DISTRIBUTION, ETC. (IMPRINT)
Place of publication, distribution, etc India
Name of publisher, distributor, etc The McGraw-Hill
Date of publication, distribution, etc 2010
300 ## - PHYSICAL DESCRIPTION
Extent 474
942 ## - ADDED ENTRY ELEMENTS (KOHA)
Koha item type Books
Holdings
Withdrawn status Lost status Source of classification or shelving scheme Damaged status Not for loan Permanent Location Current Location Shelving location Date acquired Barcode Date last seen Price effective from Koha item type
          MAJU MAJU Shelf No.A32 2019-09-02 6429 2021-11-17 2019-09-02 Books

Powered by Koha